Pequeño diccionario de palabras indo - antillanas / Rodolfo Domingo Cambiaso Sosa (Registro nro. 5110)

Detalles MARC
000 -LEADER
fixed length control field 00561nam a22001931a 4500
001 - CONTROL NUMBER
control field 5110
003 - CONTROL NUMBER IDENTIFIER
control field OSt
005 - DATE AND TIME OF LATEST TRANSACTION
control field 20260204212001.0
008 - FIXED-LENGTH DATA ELEMENTS--GENERAL INFORMATION
fixed length control field 051108s1998||||dr ||||||b||||||||||spa||
050 ## - LIBRARY OF CONGRESS CALL NUMBER
Classification number R RD 413.2 C142p
100 ## - ASIENTO PRINCIPAL -- NOMBRE PERSONAL
Personal name Cambiaso Sosa, Rodolfo Domingo
245 ## - TÍTULO PROPIAMENTE DICHO: SUBTÍTULO
Title Pequeño diccionario de palabras indo - antillanas / Rodolfo Domingo Cambiaso Sosa
250 ## - MENCIÓN DE EDICIÓN
Edition statement 3
264 ## - PRODUCTION, PUBLICATION, DISTRIBUTION, MANUFACTURE, AND COPYRIGHT NOTICE
Place of production, publication, distribution, manufacture Santo Domingo: Librería Trinitaria
300 ## - PHYSICAL DESCRIPTION
Extensión 129 p
500 ## - GENERAL NOTE
General note Incluye indice y bibliografía
650 ## - ASIENTO SECUNDARIO DE MATERIA -- TERMINO TEMÁTICO
Termino Temático Como Elemento de Entrada 1.Diccionario - Indo - AntillanoÌ
942 ## - ADDED ENTRY ELEMENTS (KOHA)
Source of classification or shelving scheme Dewey Decimal Classification
Koha item type Libros
Existencias
Withdrawn status Lost status Source of classification or shelving scheme Damaged status Not for loan Current library Date acquired Total Checkouts Full call number Barcode Date last seen Price effective from Koha item type
    Dewey Decimal Classification     Biblioteca UTECO 09/09/2019   R RD 413.2 C142P 009606 09/09/2019 09/09/2019 Libros
© 2021 Derechos Reservados UTECO - Teléfono: +1 809-585-2291 - Correo electrónico: biblioteca@uteco.edu.do​  
Código postal 43000 ​​
Dirección: Avenida Universitaria No. 100, 
Cotuí, Provincia Sánchez Ramírez, República Dominicana - RNC: 404-00059-6